000 00923nam a22002177a 4500
001 EIF-V-2003-M3-022
003 OSt
005 20221114141239.0
008 221114b |||||||| |||| 00| 0 eng d
040 _aFundación Jesús Pereda
_cFundación Jesús Pereda
041 _aCastellano
100 _uUniversidad de Castilla-La Mancha, Facultad de Humanidades de Toledo
_aGonzález González, Irene
_9468
111 _aEncuentro de Investigadores del Franquismo
_c(Albacete.
_d2003.
_n5º)
_997
245 _aColonialismo y política cultural en el protectorado español en Marruecos,
_f1936-1950
_c/Irene González González
650 0 _9336
_aCultura
650 0 _9153
_aIdeología política
651 0 _9417
_aMarruecos
773 _tActas del V Encuentro de Investigadores del Franquismo
856 _uhttps://bibliotecaccoocyl.fundacionjesuspereda.es/cgi-bin/koha/opac-retrieve-file.pl?id=bf2a814ad2a74bdaf1e598bc99404d82
942 _2ddc
_cCF
_n0
999 _c297
_d297